20 najrzadziej odgadywanych państw na JetPunk - Statystyki

Ogólne statystyki
  • Ten quiz został rozwiązany 98 razy
  • Średni wynik to 11 z 20
Statystyki odpowiedzi
Miejsce % Poprawnych Państwo % Poprawnych
3. 15% Nauru
74%
4. 15% Vanuatu
74%
9. 16% Tuvalu
73%
8. 16% Palau
72%
14. 18% Kiribati
69%
7. 16% Saint Kitts i Nevis
68%
1. 15% Saint Vincent i Grenadyny
65%
5. 15% Tonga
62%
6. 16% Saint Lucia
61%
10. 17% Antigua i Barbuda
58%
12. 18% Komory
58%
11. 17% Samoa
58%
17. 19% Timor Wschodni
55%
20, 19% Brunei
53%
2. 15% Grenada
49%
15. 19% Eswatini
46%
19. 19% Mauritius
45%
13. 18% Burundi
42%
18. 19% Sierra Leone
32%
16. 19% Malawi
28%
Nie znaleziono quizów pasujących do podanych kryteriów
Rozkład punktacji
Procent ludzi z każdym wynikiem
Percentyl według liczby udzielonych odpowiedzi
Twoja historia wyników
Nie rozwiązałeś tego quizu